000 00393cam a22001337a 4500
008 180718b1977 xxu||||| |||| 00| 0 eng d
082 _aG9x73 G168
100 _aGardiner, John A.
245 _aPublic law and public policy
_cby John A. Gardiner
260 _aNew York
_bPraeger
_c1977
300 _a245p.
650 _aPublic policy (Law) --United States
650 _aPublic law --United States
999 _c344907
_d344907